00969nam a2200229 a 450000100100000000500170001000800410002702000150006804000250008308200140010810000220012224501950014426000390033930000210037849000360039950000430043570000490047870000340052783000430056195201180060499900170072200003670720200930075903.0120125s1982 sp 000 0 spa d a8424900995 aDO-SdBNPbspacBNPHU axxxbJ54a1 aSófocles96300310aTragedias :bAyax, las traquinias, Antígona, Edipo rey, Electra, filoctetes, Edipo en Colono /cSófocles ; introducción de José S. Lasso de la vega ; traducción de Assela Alamillo. aMadrid :bEditorial Gredos,c1982. a578 p. ;c19 cm.1 aBiblioteca clásica Gredosv40 aIncluye notas al pie de las páginas.1 aLasso de la vega, José S.,eintrod.9630041 aAlamillo, Assela,etr.963005 0aBiblioteca clásica Gredos;v4098642 001054708MOaGRbGRcCTd2012-01-25iLF1l0oxxx J54ap36707-10r2020-06-25w2020-06-25y4ZPréstamo en sala c36198d36198